NBA Players by Picture - Croatia - Statistics

General Stats
  • This quiz has been taken 33 times
  • The average score is 7 of 22
Answer Stats
Picture Answer % Correct
Ivica Zubac
100%
Bojan Bogdanović
90%
Toni Kukoč
80%
Dario Šarić
77%
Dražen Petrović
77%
Mario Hezonja
50%
Dino Rađa
47%
Dragan Bender
43%
Ante Žižić
33%
Karlo Matković
27%
Roko Ukić
17%
Luka Šamanić
13%
Damjan Rudež
10%
Duje Dukan
3%
Žan Tabak
3%
Bruno Šundov
0%
Dalibor Bagarić
0%
Damir Markota
0%
Gordan Giriček
0%
Mario Kasun
0%
Stojko Vranković
0%
Zoran Planinić
0%
No matching quizzes found
Score Distribution
Percent of People with Each Score
Percentile by Number Answered
Your Score History
You have not taken this quiz